Strong bones for life
| Main Author: | |
|---|---|
| Other Authors: | |
| Format: | Book |
| Published: |
London :
Carrol & Brown Publishers Limited ,
2004
|
| Subjects: |
MARC
| LEADER | 00000cam a2200000 7i4500 | ||
|---|---|---|---|
| 001 | 0000017750 | ||
| 005 | 20080529.0 | ||
| 008 | 290508 | ||
| 020 | |a 1903258952 | ||
| 090 | 0 | 0 | |a 616.716 |b BAS |
| 100 | 1 | |a Bassey, Joan | |
| 245 | 1 | 0 | |a Strong bones for life |c Joan Bassey & Susie Dinan |
| 260 | |a London : |b Carrol & Brown Publishers Limited , |c 2004 | ||
| 650 | 0 | |a Osteoporosis |x Exercise therapy |x Popular works | |
| 650 | 0 | |a Osteoporosis |x Prevention |x Popular works | |
| 700 | 1 | |a Dinan, Susie | |
| 999 | |a 0001015028 |b Book |c REFERENCE |e Perbadanan Perpustakaan Awam Johor | ||